000 00282nam a22001337a 4500
008 170421b xxu||||| |||| 00| 0 eng d
020 _a9780077228798
041 _aeng
080 _28TH
_a573
100 _a11
101 _aSHM
245 _aBIOLOGY
_cRAVEN, P.H
942 _2udc
_cBK
999 _c11531
_d11531